000 00720nam a2200265Ia 4500
001 7949
005 20240113234043.0
007 ta
008 050714s 199 a g b000 u eng u
020 _a81-85421-12-9
_cRs. 750.00
040 _aCotton College Assam
041 _aeng
082 _a574
_bMu 896 Cu
100 _aMukerji, K.G. .
245 0 _aCurrent Concepts in Seed Biology /
_cK.G. Mukerji...(et al).
_hTextual Documents
260 _aCalcutta :
_bNaya Prokash ,
_cC 1992.
300 _axiii, 421p. :
_bill ;
_c24cm. .
365 _aRs. 750.00
653 _aBotany
653 _aBiology, Seed
653 _aSeed
942 _2ddc
_cBK
999 _c7936
_d7936